| 000 | 00865nam a22002295i 4500 | ||
|---|---|---|---|
| 001 | 175128 | ||
| 003 | ES-MaACL | ||
| 005 | 20250815103929.0 | ||
| 008 | 101007s1955 sp a |||| | spa d | ||
| 080 | _a543.41 | ||
| 100 | 0 |
_aBurriel Martí, Fernando. _932774 |
|
| 245 | 1 | 0 |
_aFotometría de llama _b: tomo I / _cPor F. Burriel-Martí y J. Ramírez-Muñoz. |
| 260 |
_a[Madrid] : _bInstituto de Edafología, Ecología y Fisiología Vegetal, _c1955. |
||
| 300 |
_a132 p. : _bil. ; _c25 cm. |
||
| 490 | 1 |
_aMonografías de ciencia moderna ; _v50 |
|
| 650 | 1 | 4 |
_aFotometría de llama. _9143490 |
| 700 | 0 |
_aRamírez-Muñoz, Juan. _995163 |
|
| 710 | 2 |
_aInstituto Español de Edafología, Ecología y Fisiología Vegetal. _9143381 |
|
| 830 | 0 |
_aMonografías de ciencia moderna _v50 _9189470 |
|
| 852 |
_aES-MaACL _jE-13315 _xOlim P-555 bis |
||
| 999 |
_c175128 _d175128 |
||